000 00381nam a2200133 i 4500
001 bg
100 1 _aMURMYŁO, Adam
245 0 _aArchitektura. Budownictwo lądowe i drogowe :
_bteksty techniczne do nauki języka rosyjskiego... /
_cAdam Murmyło.
260 _aCzęstochowa,
_c1974.
040 _cBPK
041 _apol
942 _cKS
008 s pl f |000 0 pol
999 _c26434
_d26434
856 _uhttp://koha.tu.koszalin.pl/cgi-bin/koha/opac-detail.pl?biblionumber=26434
_yKatalog online BPK